Serie A Goal of the Month - 2021-2022 - Statistics

Statistiche generali
  • Questo quiz è stato fatto 21 volte
  • Il punteggio medio è 5 su 9
Statistiche sulle risposte
Mese Nazione Squadra Calciatore % Corretto
Maggio Francia Milan Theo Hernández
94%
Aprile Croazia Inter Ivan Perišić
76%
Settembre Italia Roma Lorenzo Pellegrini
76%
Gennaio Ucraina Roma Lorenzo Pellegrini
76%
Marzo Italia Roma Lorenzo Pellegrini
76%
Novembre Senegal Cagliari Keita
35%
Febbraio Italia Atalanta Ruslan Malinovs'kyj
18%
Dicembre Italia Juventus Juan Cuadrado
12%
Ottobre Italia Sampdoria Antonio Candreva
6%
Nessun quiz corrispondente trovato
Distribuzione punteggi
Percentuale di utenti per punteggio
Percentile per numero di risposta
I tuoi punteggi nel tempo
Non hai fatto questo quiz